Primer certamen literario de la Junta Local de Instrucción Pública de la Villa de Gracia
Descripción Física:
1 díptic ; 28 cm
Materias:
Certàmens literaris -- Catalunya
MARC
| LEADER | 00000nam a2200000Ia 4500 | ||
|---|---|---|---|
| 001 | 16165 | ||
| 003 | BGR | ||
| 005 | 20260410113710.0 | ||
| 008 | 160829s1883 xx 000 0 cat d | ||
| 080 | |a RF-13-19 | ||
| 100 | |a Martí, Felio |9 46937 | ||
| 245 | |a Primer certamen literario de la Junta Local de Instrucción Pública de la Villa de Gracia | ||
| 260 | |a [Barcelona : |b s.n.], |c 1883 | ||
| 300 | |a 1 díptic ; |c 28 cm | ||
| 590 | |a Prové de 1403, exp. 1 | ||
| 650 | |a Certàmens literaris |x Catalunya |9 42546 | ||
| 710 | 2 | |a Junta Local de Instrucción Pública de la Villa de Gracia (Barcelona) |9 71278 | |
| 856 | 4 | |u https://media.diba.cat/diba/fitxers/arxiu/fulletons/bib_16165_1883_baixa.pdf |y Accés lliure | |
| 856 | 4 | |u https://media.diba.cat/diba/fitxers/arxiu/fulletons/bib_16165_1883_baixa.pdf |y Accés lliure | |
| 900 | |a bib_16165_1883_baixa.pdf | ||
| 901 | |a Arxiu | ||
| 942 | |n 1 |2 udc |c MON | ||
| 952 | |0 0 |1 0 |4 0 |6 RF1319 |7 1 |9 53547 |a Arxiu |b Arxiu |d 2016-12-01 |l 0 |o RF-13-19 |p 16165 |r 2016-12-01 00:00:00 |w 2016-12-01 |y ARXIU | ||
| 999 | |c 57413 |d 57413 | ||